Statistiques concernant Les villes françaises dans le titre de films

Cliquez ici pour prendre le quiz!

Statistiques générales

  • Ce quiz a été pris 511 fois
  • Le résultat moyen est 9 sur 18

Statistiques - réponses

TitreVille% Correct
Brice de ...Nice
95%
Le gendarme de ...Saint-Tropez
91%
Les mystères de ...Paris
89%
.... sa mère !Neuilly
84%
Les demoiselles de ...Rochefort
79%
Les parapluies de ....Cherbourg
76%
Honoré de ...Marseille
67%
L'affaire du courrier de ...Lyon
66%
Jacquot de ....Nantes
54%
Les galettes de ...Pont Aven
47%
L'Inconnu de ...Strasbourg
40%
Si ... m'était contéVersailles
35%
Le complexe de ...Toulon
23%
Emmanuelle à ...Cannes
22%
La disparue de ....Deauville
16%
Le voyage à ...Biarritz
11%
Week-end à ...Zuydcoote
10%
Jours tranquilles à ...Clichy
6%

Distribution des résultats

Percentile par nombre de réponses

% des personnes avec chaque résultat

Votre développement - résultats

Vous n’avez pas pris ce quiz